000 00884nam a22002534a 4500
005 20080729164931.0
008 080416s2008 waua 001 0 eng
010 _aENG-91452
020 _a97881313049792
_c250.00
035 _aEN-74985
037 _bDBAD / PUB
040 _aDPL
_bEnglish
082 _a808.02
100 _aMurty, K. Satya
245 _aHow to write a book /
_cby K. Satya Murty
260 _aNew Delhi
_bAPH Publishing
_c2009
270 _a4435-36/7, Ansari Road, Daryaganj,
_bNew Delhi
_e110002
300 _aviii, 89p.
_c23 cm (Hb)
500 _aIncludes index
650 _aAuthorship
650 _aCreative writing
942 _2ddc
_cEN
_mMUR
_h808.02
999 _c17414
_d17414